Netflix NFL Players - Statistics

General Stats
  • This quiz has been taken 26 times
    19 since last reset
  • The average score is 9 of 10
Answer Stats
Team Answer % Correct
Lions Amon-Ra St. Brown
100%
Raiders Davante Adams
100%
49'ers Deebo Samuel
100%
Lions Jared Goff
100%
Bengals Joe Burrow
100%
Vikings Justin Jefferson
100%
Vikings Kirk Cousins
100%
Chiefs Patrick Mahomes
100%
49'ers George Kittle
75%
Falcons Marcus Mariota
69%
No matching quizzes found
Score Distribution
Percent of People with Each Score
Percentile by Number Answered
Your Score History
You have not taken this quiz since the last reset